NBA Daily Trivia #10 - Statistics

General Stats
  • This quiz has been taken 98 times
  • The average score is 6 of 11
Answer Stats
Picture Answer % Correct
Luka Doncic
96%
Anthony Edwards
89%
Trae Young
83%
Jayson Tatum
80%
Dillon Brooks
67%
Jordan Poole
61%
Bobby Portis
47%
Max Strus
34%
Grant Williams
31%
Patrick Beverley
27%
Georges Niang
11%
No matching quizzes found
Score Distribution
Percent of People with Each Score
Percentile by Number Answered
Your Score History
You have not taken this quiz